Communication technology update (Record no. 79545)
[ view plain ]
| 000 -LEADER | |
|---|---|
| fixed length control field | 01163nam a2200229 a 4500 |
| 008 - FIXED-LENGTH DATA ELEMENTS--GENERAL INFORMATION | |
| fixed length control field | 120416s2000 ||||||||||||||||| || u |
| 020 ## - INTERNATIONAL STANDARD BOOK NUMBER | |
| International Standard Book Number | 0240804074 |
| 050 ## - LIBRARY OF CONGRESS CALL NUMBER | |
| Classification number | P 96.T42 Com |
| 100 ## - MAIN ENTRY--PERSONAL NAME | |
| Personal name | Meadows, Jennifer H |
| 245 10 - TITLE STATEMENT | |
| Title | Communication technology update |
| Statement of responsibility, etc. | edited by August E. Grant |
| 250 ## - EDITION STATEMENT | |
| Edition statement | 7th ed. |
| 260 ## - PUBLICATION, DISTRIBUTION, ETC. | |
| Place of publication, distribution, etc. | Boston |
| Name of publisher, distributor, etc. | Focal Press |
| Date of publication, distribution, etc. | 2000 |
| 300 ## - PHYSICAL DESCRIPTION | |
| Extent | viii, 349p. : ill. |
| 350 ## - | |
| -- | 0.00 |
| 650 ## - SUBJECT ADDED ENTRY--TOPICAL TERM | |
| Topical term or geographic name entry element | COMMUNICATION TECHNOLOGY |
| 650 ## - SUBJECT ADDED ENTRY--TOPICAL TERM | |
| Topical term or geographic name entry element | COMMUNICATION |
| 700 ## - ADDED ENTRY--PERSONAL NAME | |
| Personal name | Grant, August E |
| 995 ## - | |
| -- | MAIN LIBRARY OPEN ACCESS |
| -- | 0.00 |
| -- | 734938 |
| -- | CBU-MAIN LIBRARY (Kitwe) |
| -- | 3 |
| -- | 35.00 |
| -- | P 96.T42 Com |
| -- | 3 |
| -- | AVAILABLE |
| -- | 38212 |
| -- | Main Library Open Access Collection |
| 995 ## - | |
| -- | ANNEX COLLECTION (Main Library) |
| -- | 0.00 |
| -- | 734940 |
| -- | CBU-MAIN LIBRARY (Kitwe) |
| -- | 2 |
| -- | 35.00 |
| -- | P 96.T42 Com |
| -- | 2 |
| -- | AVAILABLE |
| -- | 38210 |
| -- | Annex Low-Usage Collection |
| 995 ## - | |
| -- | ANNEX COLLECTION (Main Library) |
| -- | 0.00 |
| -- | 734939 |
| -- | CBU-MAIN LIBRARY (Kitwe) |
| -- | 1 |
| -- | 35.00 |
| -- | P 96.T42 Com |
| -- | 1 |
| -- | AVAILABLE |
| -- | Aug 9, 2006 |
| -- | 38209 |
| -- | Annex Low-Usage Collection |
| 995 ## - | |
| -- | MAIN LIBRARY OPEN ACCESS |
| -- | 0.00 |
| -- | 733838 |
| -- | CBU-MAIN LIBRARY (Kitwe) |
| -- | 4 |
| -- | 35.00 |
| -- | P 96.T42 Com |
| -- | 4 |
| -- | AVAILABLE |
| -- | 46072 |
| -- | Main Library Open Access Collection |
| 999 ## - | |
| -- | 79545 |
| -- | 79545 |
| Withdrawn status | Lost status | Source of classification or shelving scheme | Damaged status | Not for loan | Permanent Location | Current Location | Shelving location | Date acquired | Total Checkouts | Full call number | Barcode | Date last seen | Copy number | Price effective from | Koha item type |
|---|---|---|---|---|---|---|---|---|---|---|---|---|---|---|---|
| CBU-MAIN LIBRARY, KITWE. | CBU-MAIN LIBRARY, KITWE. | 06/29/2023 | P 96.T42 Com | 38212 | 06/29/2023 | 1 | 06/29/2023 | MONOGRAPH | |||||||
| CBU-MAIN LIBRARY, KITWE. | CBU-MAIN LIBRARY, KITWE. | 06/29/2023 | P 96.T42 Com | 38210 | 06/29/2023 | 2 | 06/29/2023 | MONOGRAPH | |||||||
| CBU-MAIN LIBRARY, KITWE. | CBU-MAIN LIBRARY, KITWE. | 06/29/2023 | P 96.T42 Com | 38209 | 06/29/2023 | 3 | 06/29/2023 | MONOGRAPH | |||||||
| CBU-MAIN LIBRARY, KITWE. | CBU-MAIN LIBRARY, KITWE. | 06/29/2023 | P 96.T42 Com | 46072 | 06/29/2023 | 4 | 06/29/2023 | MONOGRAPH |